| 000 -LEADER |
| fixed length control field |
01039cam a2200277 a 4500 |
| 003 - CONTROL NUMBER IDENTIFIER |
| control field |
OSt |
| 005 - DATE AND TIME OF LATEST TRANSACTION |
| control field |
20200317114037.0 |
| 008 - FIXED-LENGTH DATA ELEMENTS--GENERAL INFORMATION |
| fixed length control field |
070814s2007 ii b fbs 001 0 eng |
| 020 ## - INTERNATIONAL STANDARD BOOK NUMBER |
| Cancelled/invalid ISBN |
9780195690492 |
| 040 ## - CATALOGING SOURCE |
| Original cataloging agency |
DLC |
| Transcribing agency |
DLC |
| Modifying agency |
DLC |
| 082 ## - DEWEY DECIMAL CLASSIFICATION NUMBER |
| Classification number |
307.760954 |
| Item number |
SIV |
| 100 1# - MAIN ENTRY--PERSONAL NAME |
| Personal name |
Sivaramakrishnan, K. C. |
| Fuller form of name |
(Kallidaikurichi Chidambarakrishnan), |
| Dates associated with a name |
1935-2015. |
| 245 10 - TITLE STATEMENT |
| Title |
Handbook of urbanization in India : |
| Remainder of title |
an analysis of trends and processes / |
| Statement of responsibility, etc |
K.C. Sivaramakrishnan, Amitabh Kundu, B.N. Singh. |
| 246 14 - VARYING FORM OF TITLE |
| Title proper/short title |
Oxford handbook of urbanization in India |
| 250 ## - EDITION STATEMENT |
| Edition statement |
2nd ed. |
| 260 ## - PUBLICATION, DISTRIBUTION, ETC. (IMPRINT) |
| Place of publication, distribution, etc |
New Delhi ; |
| -- |
New York ; |
| Name of publisher, distributor, etc |
Oxford Univ. Press, |
| Date of publication, distribution, etc |
2007. |
| 300 ## - PHYSICAL DESCRIPTION |
| Extent |
xv, 195 p. : |
| Other physical details |
maps ; |
| Dimensions |
25 cm. |
| 440 #0 - SERIES STATEMENT/ADDED ENTRY--TITLE |
| Title |
Oxford India handbooks |
| 500 ## - GENERAL NOTE |
| General note |
Includes statistical tables. |
| 504 ## - BIBLIOGRAPHY, ETC. NOTE |
| Bibliography, etc |
Includes bibliographical references (p. [184]-187) and index. |
| 650 #0 - SUBJECT ADDED ENTRY--TOPICAL TERM |
| Topical term or geographic name as entry element |
Urbanization |
| Geographic subdivision |
India |
| Form subdivision |
Handbooks, manuals, etc. |
| 650 #0 - SUBJECT ADDED ENTRY--TOPICAL TERM |
| Topical term or geographic name as entry element |
Urbanization |
| Geographic subdivision |
India |
| Form subdivision |
Statistics. |
| 700 1# - ADDED ENTRY--PERSONAL NAME |
| Personal name |
Kundu, Amitabh, |
| Dates associated with a name |
1948- |
| 700 1# - ADDED ENTRY--PERSONAL NAME |
| Personal name |
Singh, B. N., |
| Dates associated with a name |
1933- |
| 942 ## - ADDED ENTRY ELEMENTS (KOHA) |
| Source of classification or shelving scheme |
|